atomes par numéro - Statistiques

Statistiques générales
  • Ce quiz a été pris 62 fois
    57 depuis la dernière actualisation
  • Le résultat moyen est 28 sur 118
Statistiques - réponses
numéro atomique élément chimique % Correct
3 lithium
90%
6 carbone
79%
2 hélium
79%
1 hydrogène
72%
16 soufre
72%
26 fer
69%
13 aluminium
62%
5 bore
62%
25 manganèse
62%
8 oxygène
62%
7 azote
59%
20 calcium
59%
15 phosphore
59%
18 argon
55%
10 néon
55%
22 titane
55%
4 beryllium
52%
17 chlore
52%
9 fluor
52%
19 potassium
52%
11 sodium
52%
118 oganesson
48%
21 scandium
45%
14 silicium
45%
12 magnésium
38%
23 vanadium
38%
117 tennessine
34%
30 zinc
34%
40 zirconium
34%
27 cobalt
31%
33 arsenic
28%
31 gallium
28%
41 niobium
28%
47 argent
24%
24 chrome
24%
29 cuivre
24%
36 krypton
24%
42 molybdène
24%
28 nickel
24%
46 palladium
24%
92 uranium
24%
51 antimoine
21%
48 cadmium
21%
32 germanium
21%
72 hafnium
21%
84 polonium
21%
73 tantale
21%
43 technétium
21%
89 actinium
17%
85 astate
17%
56 baryum
17%
83 bismuth
17%
96 curium
17%
66 dysprosium
17%
99 einsteinium
17%
53 iode
17%
77 iridium
17%
57 lanthane
17%
109 meitnérium
17%
101 mendélévium
17%
94 plutonium
17%
61 prométhium
17%
62 samarium
17%
34 sélénium
17%
38 strontium
17%
69 thulium
17%
74 tungstène
17%
54 xénon
17%
39 yttrium
17%
97 berkélium
14%
107 bohrium
14%
98 californium
14%
58 cérium
14%
112 copernicium
14%
68 erbium
14%
50 étain
14%
63 europium
14%
100 fermium
14%
67 holmium
14%
103 lawrencium
14%
80 mercure
14%
93 neptunium
14%
79 or
14%
78 platine
14%
37 rubidium
14%
65 terbium
14%
35 brome
10%
108 hassium
10%
49 indium
10%
115 moscovium
10%
76 osmium
10%
111 roentgenium
10%
52 tellure
10%
81 thallium
10%
70 ytterbium
10%
102 nobélium
7%
88 radium
7%
75 rhénium
7%
45 rhodium
7%
55 césium
3%
87 francium
3%
64 gadolinium
3%
116 livermorium
3%
113 nihonium
3%
82 plomb
3%
86 radon
3%
44 ruthénium
3%
104 rutherfordium
3%
106 seaborgium
3%
90 thorium
3%
95 américium
0%
110 darmstadtium
0%
105 dubnium
0%
114 flerovium
0%
71 lutécium
0%
60 néodyme
0%
59 praséodyme
0%
91 protactinium
0%
Aucun quiz correspondant
Distribution des résultats
% des personnes avec chaque résultat
Percentile par nombre de réponses
Votre historique - résultats
Vous n’avez pas pris ce quiz depuis la dernière actualisation